00836nam a22002177a 450000500170000001000150001702000260003203500130005803700130007108200110008410000200009524501230011526000310023827000780026930000320034750000500037970000220042994200260045199900170047795201240049420150515121819.0 aENG-112299 a9781138846289c795.00 aEN-95831 bDBAD/PUB a304.82 aZachariah, K.C. aResearching internantional migration :blessons from the Kerala experience /cby K.C. Zachariah [and] S. Irudaya Rajan aNew DelhibRoutledgec2015 a912,Tolstoy House, 15-17 Tolstoy Marg, Connaught PlacebNew Delhie110001 axiv,272p. :c22cm(Hb)bill. aIncludes bibliographical references and index aRajan, S. Irudaya 2ddccENm ZACk304.82 c91952d91952 001040718NFICaDBADbDBADd2015-02-26eDBAD/PUBg795.00l0o304.82 ZACpEN-95831r2015-02-26 00:00:00t1v795.00yEN